The role of higher education within changing global priorities
Uloženo v:
| Korporace: | , |
|---|---|
| Médium: | Konferenční příspěvek Kniha |
| Jazyk: | Spanish |
| Vydáno: |
San José, Costa Rica :
[s.n.],
1989
|
| Témata: | |
| Tagy: |
Přidat tag
Žádné tagy, Buďte první, kdo vytvoří štítek k tomuto záznamu!
|
MARC
| LEADER | 00000nam a2200000Ia 4500 | ||
|---|---|---|---|
| 008 | 180426b1989 cr ||||| |||| 00| | spa d | ||
| 999 | |c 1824 |d 1824 | ||
| 090 | |a 06.03.06 |b 702 | ||
| 110 | 2 | |a Universidad de Costa Rica |9 585 | |
| 245 | 1 | 4 | |a The role of higher education within changing global priorities |
| 260 | |a San José, Costa Rica : |b [s.n.], |c 1989 | ||
| 300 | |a 140 páginas | ||
| 650 | 1 | 4 | |a EDUCACIÓN SUPERIOR |9 8 |
| 650 | 1 | 4 | |a TECNOLOGÍA EDUCATIVA |9 483 |
| 650 | 1 | 4 | |a CONFERENCIA |9 506 |
| 711 | |a International Conference on New Concepts in Higher Education [8° : 1989 : San José, C.R.] | ||
| 942 | |i 001128 |h 06.03.06 702 |2 z |c 01 | ||
